000 00542nam a2200205Ia 4500
003 OSt
005 20230530111307.0
008 210423s2003 xx 000 0 und d
040 _cAL
041 _aeng
082 _a305.5 SIDC
_223
100 _aSIDDIQUE (M I)
_9116533
245 _aChild labour:how to investigate
260 _aNew Delhi
_bDeep and deep publication
_c2003
365 _b350
_cINR
650 _aSocial Classes
_9116534
650 _aSociology
_9116535
906 _aChild ; investigate ; labour:how
942 _2ddc
_cBK
999 _c173600
_d173600